000 00274nam a22001217a 4500
008 180806b xxu||||| |||| 00| 0 eng d
082 _a813.52
245 _aChildren's Encyclopedia
_cIndeo
260 _c1997
300 _a1
_fCD
440 _x635517022346
942 _2ddc
_cMX
999 _c46842
_d46842